| 000 | 00717nam a2200229Ia 4500 | ||
|---|---|---|---|
| 001 | 2997 | ||
| 003 | GE_BSU | ||
| 008 | 181216s||||||||xx |||||||||||||| ||und|| | ||
| 040 | _cGE_BSU | ||
| 080 | _a665.6(035.3) | ||
| 245 | _aТоварные нефтепродукты, свойства и применение. | ||
| 245 | _bСправочник. | ||
| 245 | _cПод ред. В.М.Школьникова. | ||
| 250 | _aИзд второе, перераб. и доп. | ||
| 260 | _aМ. | ||
| 260 | _bХимия. | ||
| 260 | _c1978. | ||
| 300 | _a472 стр. 22 см. | ||
| 300 | _eТабл. | ||
| 653 | _aТоварные нефтепродукты, свойства и применение. | ||
| 942 | _cBK | ||
| 999 |
_c37043 _d37043 |
||